The Famous Five: Five Have Plenty Of Fun (Record no. 49073)
| 000 -LEADER | |
|---|---|
| fixed length control field | 00373nam a22001217a 4500 |
| 008 - FIXED-LENGTH DATA ELEMENTS--GENERAL INFORMATION | |
| fixed length control field | 250729b |||||||| |||| 00| 0 eng d |
| 020 ## - INTERNATIONAL STANDARD BOOK NUMBER | |
| International Standard Book Number | 9780340681190 |
| 100 ## - MAIN ENTRY--PERSONAL NAME | |
| Personal name | Enid Blyton (Author) |
| 9 (RLIN) | 86418 |
| 245 ## - TITLE STATEMENT | |
| Title | The Famous Five: Five Have Plenty Of Fun |
| 260 ## - PUBLICATION, DISTRIBUTION, ETC. (IMPRINT) | |
| Place of publication, distribution, etc | UK |
| Name of publisher, distributor, etc | Hodder Children's Books |
| Date of publication, distribution, etc | 1993 |
| 300 ## - PHYSICAL DESCRIPTION | |
| Extent | 208 pages |
| Other physical details | col. ill. |
| Dimensions | 5.04 x 0.71 x 7.72 inches |
| 942 ## - ADDED ENTRY ELEMENTS (KOHA) | |
| Source of classification or shelving scheme | |
| Withdrawn status | Lost status | Source of classification or shelving scheme | Damaged status | Not for loan | Collection code | Home library | Current library | Date acquired | Total Checkouts | Full call number | Barcode | Checked out | Date last seen | Date checked out | Price effective from | Koha item type |
|---|---|---|---|---|---|---|---|---|---|---|---|---|---|---|---|---|
| Siem Reap | Asian Hope Siem Reap | Asian Hope Siem Reap | 07/29/2025 | 1 | FIC ENI | 209005 | 04/03/2026 | 04/03/2026 | 04/03/2026 | 07/29/2025 | Book |